000 00725nam a2200241 i 4500
001 18424
003 ES-MaACL
005 20230906151833.0
007 t|
008 011106s2001 ag ||||1| spa d
020 _a950-557-363-4
080 _a336.334.3
100 1 _aBauman, Zygmunt.
_926579
245 1 0 _aEn busca de la política /
_cZygmunt Bauman.
250 _a1ª ed. en español.
260 _aBuenos Aires :
_bFondo de Cultura Económica de Argentina,
_c2001.
300 _a218 p. ;
_c23 cm.
490 1 _aSección de obras de sociología
650 1 4 _aSociología política.
_917215
830 0 _aSección de obras de sociología
_9179836
852 _aES-MaACL
_jL-25062
_bR.130532
999 _c18424
_d18424